[Event "MofU x Filipinho"]
[Site "http://www.queenalice.com/game.php?id=933376"]
[Date "2011.5.3"]
[Round "-"]
[White "cristianrc"]
[Black "gessi86"]
[Result "1-0"]
[WhiteElo "1786"]
[BlackElo "1266"]

1. e4 e5 2. Nf3 Nf6 3. Nc3 Bc5 4. Nxe5 d5 5. Nd3 b6 6. e5 Ng4 7. h3 Nh6 8. Qf3
Nf5 9. Nxd5 Nd4 10. Nxc7+ Qxc7 11. Qxa8 Nxc2+ 12. Kd1 Nxa1 13. Qe4 f5 14. Qf4
Ba6 15. Qxf5 Rf8 16. Qe6+ Kd8 17. Nxc5 Qxc5 18. Bxa6 Nxa6 19. Qd6+ Qxd6 20. exd6
Rxf2 21. Rg1 Kd7 22. b3 Nb4 23. Bb2 Nbc2 24. Bxg7 Rf5 25. Ke2 Kxd6 26. Bxa1 Rf4
27. g4 a5 28. h4 a4 29. h5 Nb4 30. a3 Nc2 31. b4 Nxa3 32. Bc3 Rc4 33. g5 Ke7 34.
g6 hxg6 35. hxg6 Kf8 36. g7+ Kg8 37. Rh1 Rc7 38. Rh8+ Kf7 39. g8=Q+ Ke7 40. Qd8+
Ke6 41. Qxc7 Kd5 42. Kd3 Nb5 43. Qc4+ Kd6 44. Rh6+ Ke7 45. Qe6+ Kd8 46. Rh7 Nxc3
47. Qg8# 1-0

[Event "Invitation"]
[Site "http://www.queenalice.com/game.php?id=933411"]
[Date "2011.5.3"]
[Round "-"]
[White "Reginato"]
[Black "cristianrc"]
[Result "1-0"]
[WhiteElo "1854"]
[BlackElo "1854"]

1. e4 d6 2. d4 Nf6 3. Nc3 g6 4. h3 Bg7 5. Nf3 O-O 6. Bc4 c6 7. b4 Nbd7 8. O-O b5
9. Be2 Nb6 10. a4 a5 11. axb5 axb4 12. Rxa8 Nxa8 13. e5 Ne8 14. Ne4 Bf5 15. Ng3
Be6 16. Qd2 Qa5 17. Qg5 f6 18. Qh4 c5 19. dxc5 dxc5 20. Be3 Qc7 21. Bc4 Bf7 22.
Qe4 Nb6 23. Bxf7+ Rxf7 24. Qc6 Qxc6 25. bxc6 Nc4 26. Bxc5 fxe5 27. Ra1 e4 28.
Ra8 exf3 29. Rxe8+ Rf8 30. Rxf8+ Kxf8 31. c7 1-0

[Event "AUTO-ADV-2146"]
[Site "http://www.queenalice.com/game.php?id=933873"]
[Date "2011.5.4"]
[Round "1"]
[White "Maxi"]
[Black "cristianrc"]
[Result "1-0"]
[WhiteElo "2065"]
[BlackElo "1840"]

1. d4 d5 2. Bf4 Nc6 3. e3 a6 4. Bd3 Nf6 5. h3 Ne4 6. Bxe4 dxe4 7. Nc3 Bf5 8. a3
e6 9. Qh5 g6 10. Qg5 Be7 11. Qh6 Bf8 12. Qg5 Be7 13. Qg3 Rc8 14. Nge2 g5 15.
Bxc7 Rxc7 16. Rd1 Bd6 17. f4 exf3 18. Qxf3 Bxc2 19. Rd2 Bb3 20. Ne4 Bd5 21. Nf6+
Ke7 22. Nxd5+ exd5 23. Qxd5 Bg3+ 24. Nxg3 Qxd5 25. e4 Qc4 26. Nf5+ Kf6 27. g4
Qc1+ 28. Rd1 Qxb2 29. Rd2 1-0

[Event "AUTO-ADV-2146"]
[Site "http://www.queenalice.com/game.php?id=933874"]
[Date "2011.5.4"]
[Round "1"]
[White "cristianrc"]
[Black "Maxi"]
[Result "0-1"]
[WhiteElo "1833"]
[BlackElo "2072"]

1. e4 e5 2. Nf3 f6 3. Bc4 Ne7 4. d4 Nbc6 5. Be3 d5 6. exd5 Nxd5 7. O-O Nxe3 8.
fxe3 Bg4 9. Bb5 Qd5 10. Nc3 Qd7 11. d5 a6 12. Nxe5 axb5 13. Nxd7 Bxd1 14. dxc6
bxc6 15. Rfxd1 Be7 16. Ne4 Rd8 17. Nec5 Bd6 18. a4 bxa4 19. Rd4 Rxd7 20. Nxd7
Kxd7 21. Raxa4 f5 22. c4 c5 23. Rd5 g6 24. Ra1 Re8 25. Kf2 Re4 26. b3 c6 27. Rd2
Ke6 28. Ra6 Bxh2 29. Rxc6+ Kf7 30. Rxc5 Kg7 0-1

[Event "AUTO-ADV-2146"]
[Site "http://www.queenalice.com/game.php?id=933885"]
[Date "2011.5.4"]
[Round "1"]
[White "yoda77"]
[Black "cristianrc"]
[Result "1-0"]
[WhiteElo "1962"]
[BlackElo "1841"]

1. Nf3 Nf6 2. g3 g6 3. Bg2 Bg7 4. d3 d5 5. Nbd2 Bg4 6. h3 Bf5 7. O-O O-O 8. c4
dxc4 9. Nxc4 Be6 10. Qb3 Bd5 11. e4 Bc6 12. Be3 Nbd7 13. Na5 a6 14. Nd4 Nc5 15.
Qa3 Ne6 16. Ndxc6 bxc6 17. Nxc6 Qd6 18. e5 Qxa3 19. bxa3 Rae8 20. exf6 Bxf6 21.
Rab1 Nd8 22. Nb8 Ne6 23. Nd7 Rd8 24. Nxf8 Kxf8 25. Bb7 Rxd3 26. Bh6+ Kg8 27.
Rfd1 Rxa3 28. Bc6 Bg7 29. Rb8+ Nf8 30. Rxf8+ Bxf8 31. Rd8 1-0

[Event "AUTO-ADV-2146"]
[Site "http://www.queenalice.com/game.php?id=933886"]
[Date "2011.5.4"]
[Round "1"]
[White "cristianrc"]
[Black "yoda77"]
[Result "1/2-1/2"]
[WhiteElo "1812"]
[BlackElo "1969"]

1. e4 e5 2. d4 exd4 3. Qxd4 Nc6 4. Qc4 d6 5. Nc3 g6 6. Nd5 Nf6 7. Qc3 Bg7 8. Bg5
Nh5 9. Qxg7 Nxg7 10. Bxd8 Kxd8 11. Nf3 h6 12. Bc4 Nh5 13. O-O-O Bg4 14. Rd3 Re8
15. Re1 Bxf3 16. gxf3 Ne5 17. Rc3 c6 18. Nb4 a5 19. Nd3 Nxf3 20. Re3 Ng5 21. a4
Rxe4 22. Rxe4 Nxe4 23. Rb3 Kc7 24. Bxf7 Nhf6 25. Bxg6 Rg8 26. Bxe4 Nxe4 1/2-1/2

[Event "AUTO-ADV-2146"]
[Site "http://www.queenalice.com/game.php?id=933893"]
[Date "2011.5.4"]
[Round "1"]
[White "cristianrc"]
[Black "sergio_damian"]
[Result "1-0"]
[WhiteElo "1792"]
[BlackElo "1904"]

1. e4 e5 2. d4 exd4 3. Qxd4 Nc6 4. Qc4 Nf6 5. Nc3 Nb4 6. Bd3 Nxd3+ 7. cxd3 d6 8.
Nb5 c6 9. Nd4 Be7 10. Ngf3 h6 11. Bd2 O-O 12. Ba5 Qd7 13. Nf5 b5 14. Qc3 Bb7 15.
h3 Nh5 16. g4 Nf6 17. g5 hxg5 18. Nxg5 c5 19. a3 d5 20. f3 d4 21. Qd2 Ne8 22.
Qf4 Nf6 23. Rg1 g6 24. Ne6 fxe6 25. Rxg6+ Kf7 26. Rg7+ Ke8 27. Rxe7+ Qxe7 28.
Nxe7 1-0

[Event "AUTO-ADV-2146"]
[Site "http://www.queenalice.com/game.php?id=933894"]
[Date "2011.5.4"]
[Round "1"]
[White "sergio_damian"]
[Black "cristianrc"]
[Result "1-0"]
[WhiteElo "1858"]
[BlackElo "1827"]

1. e4 d6 2. d4 Nf6 3. Bd3 Nc6 4. Nf3 Bg4 5. c3 g6 6. h3 Bxf3 7. Qxf3 Bg7 8. O-O
O-O 9. Na3 a6 10. Be3 b5 11. Nc2 e6 12. Bg5 e5 13. d5 Na5 14. Nb4 h6 15. Bxf6
Qxf6 16. Be2 Qxf3 17. Bxf3 Nc4 18. b3 Nd2 19. Rfd1 Nxf3+ 20. gxf3 Bf6 21. Kg2 a5
22. Nd3 Bg5 23. Kg3 h5 24. h4 Bh6 25. f4 f6 26. a4 b4 27. cxb4 axb4 28. Nxb4
Bxf4+ 29. Kh3 Rfb8 30. Nd3 Rxb3 31. f3 Rc3 32. a5 Be3 33. Kg3 Bd4 34. Ra2 f5 35.
Nf2 Ra6 36. Rb1 Rc5 37. Rb7 Kf7 38. Nd3 Rcxa5 39. Rxa5 Rxa5 40. Rxc7+ Kf6 41.
Rc6 Bc5 42. Nxc5 Rxc5 43. Rxd6+ Kf7 44. Re6 Rc3 45. Rxe5 fxe4 46. Rxe4 Kf6 47.
Kf4 Rc7 48. Re6+ Kf7 49. Ke5 Rc4 50. f4 Rc3 51. Rf6+ Kg7 52. Rc6 Rh3 53. d6 Rxh4
54. d7 Rh2 55. d8=Q Re2+ 56. Kd6 Rd2+ 57. Ke7 Rxd8 58. Kxd8 h4 59. Rc3 Kf6 60.
Rc5 Ke6 61. Rg5 Kf6 62. Kd7 h3 63. Rg1 Kf5 64. Rg3 1-0

[Event "Filipinho x MofU"]
[Site "http://www.queenalice.com/game.php?id=935071"]
[Date "2011.5.7"]
[Round "-"]
[White "gessi86"]
[Black "cristianrc"]
[Result "0-1"]
[WhiteElo "1289"]
[BlackElo "1790"]

1. e4 d5 2. Nc3 d4 3. Nd5 c6 4. Nf4 e5 5. Nd3 Bd6 6. c3 c5 7. c4 Nf6 8. f3 Nc6
9. Qa4 Bd7 10. Qd1 Be6 11. Nf2 Nb4 12. a3 Qa5 13. d3 Nxd3+ 14. Ke2 Nxf2 15. Qe1
Qxe1+ 16. Kxe1 Nxh1 17. Ne2 Bxc4 18. Ng1 d3 19. b3 Ba6 20. Nh3 c4 21. bxc4 Bxc4
0-1

[Event "AUTO-ADV-2157"]
[Site "http://www.queenalice.com/game.php?id=937251"]
[Date "2011.5.12"]
[Round "1"]
[White "Bebeto"]
[Black "cristianrc"]
[Result "1-0"]
[WhiteElo "1921"]
[BlackElo "1800"]

1. e4 d6 2. Nf3 e5 3. Bc4 Be7 4. O-O h6 5. c3 Nf6 6. Re1 Bg4 7. d3 Nbd7 8. Nbd2
c6 9. h3 Bh5 10. a3 Nc5 11. b4 b5 12. Bxf7+ Bxf7 13. bxc5 Bh5 14. Qc2 Nd7 15.
cxd6 Bxd6 16. Bb2 O-O 17. Nh2 Bc5 18. Ndf3 Qf6 19. Qe2 Qg6 20. Kh1 Qf7 21. d4
Bd6 22. Qd3 exd4 23. cxd4 Bf4 24. Bc1 Bxh2 25. Kxh2 Bxf3 26. Qxf3 Qxf3 27. gxf3
Rxf3 28. Be3 Raf8 29. Rg1 Nb6 30. Rg3 Kh7 31. Kg2 Rxg3+ 32. Kxg3 Nc4 33. Bf4 Rd8
34. Be3 a5 35. h4 Kg6 36. e5 Kf5 37. Kf3 Nb6 38. Rc1 Rc8 39. Kg3 Nd5 40. Bd2 1-0

[Event "AUTO-ADV-2157"]
[Site "http://www.queenalice.com/game.php?id=937252"]
[Date "2011.5.12"]
[Round "1"]
[White "cristianrc"]
[Black "Bebeto"]
[Result "0-1"]
[WhiteElo "1812"]
[BlackElo "1909"]

1. e4 e5 2. Nf3 Nc6 3. Bb5 d6 4. Bxc6+ bxc6 5. c4 Be7 6. Nc3 Nf6 7. O-O O-O 8.
d3 h6 9. h3 Bb7 10. Be3 Re8 11. Nh4 Bc8 12. Nf5 Bf8 13. Qf3 Bxf5 14. exf5 d5 15.
cxd5 cxd5 16. d4 e4 17. Qg3 Kh8 18. Nb5 Bd6 19. Nxd6 Qxd6 20. Bf4 Qb6 21. Qc3
Rac8 22. Be5 Nd7 23. Bf4 f6 24. b4 c6 25. Bd6 Nf8 26. Bc5 Qb7 27. Qa3 a6 28.
Rac1 Nd7 29. Rc3 Nb6 30. Bxb6 Qxb6 31. Rc5 Ra8 32. Rfc1 Rac8 33. Qc3 Rb8 34. a3
Ra8 35. Rxc6 Qb5 36. Rc5 Qe2 0-1

[Event "AUTO-ADV-2157"]
[Site "http://www.queenalice.com/game.php?id=937263"]
[Date "2011.5.12"]
[Round "1"]
[White "tewald"]
[Black "cristianrc"]
[Result "0-1"]
[WhiteElo "1818"]
[BlackElo "1830"]

1. e4 e5 2. Nf3 Nc6 3. d4 exd4 4. Nxd4 Nxd4 5. Qxd4 f6 6. Bc4 Qe7 7. O-O Qe5 8.
Qxe5+ fxe5 9. Nc3 c6 10. a4 h6 11. Rb1 Nf6 12. b4 a5 13. b5 Bb4 14. Na2 Nxe4 15.
Nxb4 axb4 16. bxc6 bxc6 17. Rxb4 c5 18. Rb6 Rxa4 19. Bb3 Ra6 20. Rb8 Ke7 21. Bd5
Nc3 22. Bf3 e4 23. Bg4 h5 24. Bb2 hxg4 25. Bxc3 Kf7 26. Be5 d5 27. f4 Rah6 28.
f5 Rh5 29. Ra8 Re8 30. Ra7+ Re7 31. Rxe7+ Kxe7 32. Bxg7 Bxf5 33. c3 Ke6 34. Bf8
c4 35. Bc5 Rh7 36. Re1 Rb7 37. g3 Rb2 38. Re3 Rd2 39. Bd4 Kd6 40. Kh1 Bd7 41.
Kg1 Ba4 42. Re1 Bd1 43. Rf1 Bf3 44. Bf2 Rc2 0-1

[Event "AUTO-ADV-2157"]
[Site "http://www.queenalice.com/game.php?id=937264"]
[Date "2011.5.12"]
[Round "1"]
[White "cristianrc"]
[Black "tewald"]
[Result "1-0"]
[WhiteElo "1820"]
[BlackElo "1891"]

1. e4 e6 2. d4 d5 3. e5 c5 4. c3 Nc6 5. Nf3 Bd7 6. Be2 cxd4 7. cxd4 f6 8. Bf4
fxe5 9. Nxe5 Nxe5 10. Bxe5 Nf6 11. O-O Be7 12. Bh5+ g6 13. Bg4 O-O 14. f4 Nxg4
15. Qxg4 Rf5 16. Nc3 Qe8 17. Ne2 h5 18. Qh3 g5 19. g4 Rf7 20. gxh5 Rh7 21. Ng3
gxf4 22. Rxf4 Bf8 23. Qg4+ Bg7 24. h6 1-0

[Event "AUTO-ADV-2157"]
[Site "http://www.queenalice.com/game.php?id=937269"]
[Date "2011.5.12"]
[Round "1"]
[White "Nunes"]
[Black "cristianrc"]
[Result "0-1"]
[WhiteElo "1604"]
[BlackElo "1846"]

1. e4 d6 2. d4 e6 3. Nf3 Nd7 4. Bd3 Ngf6 5. Bg5 Be7 6. O-O h6 7. Be3 Ng4 8. h3
Nxe3 9. fxe3 Bg5 10. Nxg5 Qxg5 11. Qf3 O-O 12. Nc3 a6 13. Qf4 e5 14. Qxg5 hxg5
15. Nd5 b5 16. Nxc7 Ra7 17. Nd5 Re8 18. a4 bxa4 19. Rxa4 Bb7 20. Rfa1 Bxd5 21.
exd5 Rea8 22. Rxa6 Rxa6 23. Rxa6 Rxa6 24. Bxa6 e4 25. c4 f5 26. Kf2 Kf7 27. Bc8
Nb6 28. Bxf5 Nxc4 29. b4 Nb6 30. Bxe4 Kf6 31. g3 Na4 32. Bd3 Nc3 33. e4 Na4 0-1

[Event "AUTO-ADV-2157"]
[Site "http://www.queenalice.com/game.php?id=937270"]
[Date "2011.5.12"]
[Round "1"]
[White "cristianrc"]
[Black "Nunes"]
[Result "0-1"]
[WhiteElo "1841"]
[BlackElo "1964"]

1. e4 c5 2. c4 Nc6 3. Nf3 d6 4. d4 cxd4 5. Nxd4 Nf6 6. Nxc6 bxc6 7. Bd3 g6 8.
O-O Bg7 9. Nc3 O-O 10. h3 Bb7 11. Rb1 c5 12. b4 Nd7 13. Nd5 e6 14. Ne3 cxb4 15.
Rxb4 Nc5 16. f3 Rb8 17. Ng4 h5 18. Nf2 Qc7 19. Bf4 a5 20. Rb5 Ba6 21. Rxb8 Rxb8
22. Be2 Rb6 23. Qd2 Rb2 24. Qxd6 Qxd6 25. Bxd6 Nb7 26. c5 Bxe2 27. Rc1 Bd4 28.
e5 Be3 29. Rc3 Rb1+ 30. Kh2 Bxf2 31. c6 h4 32. f4 Bg1+ 33. Kh1 Bd4+ 34. Kh2 Bxc3
35. c7 Nxd6 36. exd6 Be1 37. c8=Q+ Kh7 38. g4 Bf3 0-1

[Event "Olá, tudo bem?"]
[Site "http://www.queenalice.com/game.php?id=937708"]
[Date "2011.5.13"]
[Round "-"]
[White "cristianrc"]
[Black "gessi86"]
[Result "1-0"]
[WhiteElo "1852"]
[BlackElo "1260"]

1. e4 e6 2. c4 Qh4 3. Nc3 Nf6 4. Nf3 Qf4 5. d4 Qd6 6. e5 Qb6 7. exf6 gxf6 8. Be2
Rg8 9. O-O Bd6 10. c5 Bxc5 11. dxc5 Qxc5 12. Ne4 Qf5 13. Ng3 Qg6 14. Bd3 f5 15.
Bf4 Qg4 16. Qd2 h5 17. h3 Qg6 18. Nh4 Qf6 19. Nf3 h4 20. Bg5 Qh8 21. Bxh4 Nc6
22. Qf4 d6 23. Rfe1 Qxb2 24. Bxf5 e5 25. Bxc8 1-0

[Event "isabcisz"]
[Site "http://www.queenalice.com/game.php?id=959836"]
[Date "2011.7.13"]
[Round "-"]
[White "cristianrc"]
[Black "isabcisz"]
[Result "1-0"]
[WhiteElo "1838"]
[BlackElo "1411"]

1. e4 e6 2. d4 d5 3. Nc3 Bb4 4. Bd3 c5 5. dxc5 Bxc5 6. exd5 exd5 7. Qe2+ Ne7 8.
Bb5+ Nc6 9. Bg5 f6 10. Bf4 O-O 11. Bxc6 Nxc6 12. O-O-O Re8 13. Qh5 g6 14. Qh4 g5
15. Qg3 Bxf2 16. Qxf2 gxf4 17. Qxf4 Re5 18. Nf3 Rf5 19. Qh6 Ne5 20. Rhg1 Nf7 21.
Qh4 Qf8 22. Kb1 Qh6 23. Qe1 Bd7 24. Nxd5 Re8 25. Ne7+ Rxe7 26. Qxe7 1-0